00609 2200229 4500001002100000005001500021035002000036007000300056008004100059020001800100082000600118084001200124100001800136245006100154260004400215300003100259650001800290700001900308500003000327990001100357990001100368INLIS00000000000781520220309114848 a0010-0321001185ta220309 d 1 ind  a979-20-5325-5 aF aF EII o0 aEIICHIRO, Oda1 aOne Piece 14 /cEiichiro Oda; alih bahasa, Faira Ammadea aJakarta :bElex Media Komputindo,c2004 a183 hal. :bilus. ;c17 cm 4aKOMIK. BACAAN0 aFAIRA, Ammadea aJudul asli : One Piece 14 a6152 a a6152 a